Testez votre chance - Statistiques

Statistiques générales
  • Ce quiz a été pris 1 466 fois
  • Le résultat moyen est 9 sur 51
Answers on the Grid
Answers color-coded by a green-red scale on the quiz's grid according to % correct below.
?
?
?
?
?
?
?
?
?
?
?
?
?
?
?
?
?
?
?
?
?
?
?
?
?
?
?
?
?
?
?
?
?
?
?
?
?
?
?
?
?
?
?
?
?
?
?
?
?
?
?
?
?
?
?
?
 
Statistiques - réponses
Réponse % Correct
?
22%
?
21%
?
20%
?
20%
?
20%
?
20%
?
20%
?
19%
?
19%
?
19%
?
19%
?
19%
?
19%
?
19%
?
19%
?
19%
?
19%
?
19%
?
18%
?
18%
?
18%
?
18%
?
18%
?
18%
?
17%
?
17%
?
17%
?
17%
?
17%
?
17%
?
17%
?
17%
?
17%
?
17%
?
17%
?
17%
?
17%
?
16%
?
16%
?
16%
?
16%
?
16%
?
16%
?
16%
?
15%
?
15%
?
15%
?
15%
?
15%
?
14%
?
12%
Aucun quiz correspondant
Distribution des résultats
% des personnes avec chaque résultat
Percentile par nombre de réponses
Votre historique - résultats
Vous n’avez pas pris ce quiz